01030 a2200205 4500003000500000005001700005010001600022020001500038040000900053082001500062100001900077245006800096250001200164260004900176300005400225505048800279650001400767650002400781700001900805Nust20221119132119.0 a 93083225 a0030968003 cNust00a515.15,ELL1 aEllis, Robert,10aCalculus with analytic geometry / cRobert Ellis, Denny Gulick. a5th ed. aFort Worth :bSaunders College Pub.,cc1994. axx, 1024, 70, 19 p. :bill. (some col.) ;c27 cm. aApplicFunctions (Page-1), Limits and Continuity (Page-72), Derivatives (Page-128), Application of the Derivative (Page-204), The Integral (Page-277), Inverse Functions (Page-361), Techniques of Integration (Page-430), ation of the Integral (Page-493), Sequence and Series (Page-544), Curves I the (Page-636), Vectors Lines And Plans (Page-690), Vector Valued Functions (Page-737), Partial Derivatives (Page-797), Multiple Integral (Page-879), Calculus of Vector Fields (Page-952). 0aCalculus. 0aGeometry, Analytic.1 aGulick, Denny.